| 000 | 00599nam a22001937a 4500 | ||
|---|---|---|---|
| 999 |
_c182190 _d182190 |
||
| 005 | 20220216112544.0 | ||
| 010 | _aENG-130087 | ||
| 020 |
_a978-93-82749-10-3 _c400.00 |
||
| 035 | _aEN-113619 | ||
| 037 | _bDBAD/PUB | ||
| 082 | _a881 | ||
| 100 | _aChitre, Dilip | ||
| 245 |
_aSays tuka: _bselected poems of tukaram/ _cby dilip chitre |
||
| 250 | _a2003 | ||
| 260 |
_bPoetrywala _c2003 _aDelhi |
||
| 270 |
_a1701/1702,6A Whispering palms Lokhandwala Township , kandivalii _bMumbai _e400 101 _mpoetrywala@hotmail.com |
||
| 300 |
_a241p. _c22cm (pbk) |
||
| 942 |
_2ddc _cEN _h881 _mCHI |
||